| 000 | 00826nam a2200253 i 4500 | ||
|---|---|---|---|
| 003 | DO-SdBNP | ||
| 005 | 20240909091547.0 | ||
| 007 | ta | ||
| 008 | 240909s1986 cu 000 j spa d | ||
| 040 |
_aDO-SdBNP _bspa _cBNPHU _erda |
||
| 082 |
_bG633P _222 |
||
| 100 |
_aPérez Guzmán, Francisco, _d1941- _95626 |
||
| 245 | 1 | 0 |
_aMáximo Gómez : _baproximación a su cronología (1836-1905) / _cFrancisco Pérez Guzmán, Violeta Serrano |
| 264 | 1 |
_aLa Habana, Cuba : _bEditorial Academia, _c1986. |
|
| 300 |
_a104 páginas, _c19 cm. |
||
| 336 |
_2rdacontent _atexto _btxt |
||
| 337 |
_2rdamedia _asin mediación _bn |
||
| 338 |
_2rdacarrier _avolumen _bnc |
||
| 504 | _aBibliografía p: 103-104. | ||
| 590 | _aInventariado, 2024/ YL | ||
| 700 | 1 |
_aSerrano, Violeta _eautora _986540 |
|
| 910 | _aYLockward | ||
| 942 |
_2ddc _cLBS1 |
||
| 999 |
_c57650 _d57650 |
||